<?xml version="1.0" encoding="UTF-8"?>
<record
    xmlns:xsi="http://www.w3.org/2001/XMLSchema-instance"
    xsi:schemaLocation="http://www.loc.gov/MARC21/slim http://www.loc.gov/standards/marcxml/schema/MARC21slim.xsd"
    xmlns="http://www.loc.gov/MARC21/slim">

  <leader>00571nam a22001817a 4500</leader>
  <controlfield tag="008">240530b        |||||||| |||| 00| 0 eng d</controlfield>
  <datafield tag="020" ind1=" " ind2=" ">
    <subfield code="a">9789937066839</subfield>
  </datafield>
  <datafield tag="082" ind1=" " ind2=" ">
    <subfield code="a">N616/Bh455</subfield>
  </datafield>
  <datafield tag="100" ind1=" " ind2=" ">
    <subfield code="a">Bhatta, Maheshdutta Taradutta</subfield>
  </datafield>
  <datafield tag="241" ind1=" " ind2=" ">
    <subfield code="a">Rog roktham ra niyantran srot pustak</subfield>
  </datafield>
  <datafield tag="245" ind1=" " ind2=" ">
    <subfield code="a">&#x930;&#x94B;&#x917; &#x930;&#x94B;&#x915;&#x925;&#x93E;&#x92E; &#x930; &#x928;&#x93F;&#x92F;&#x928;&#x94D;&#x924;&#x94D;&#x930;&#x923;&#x903; &#x938;&#x94D;&#x930;&#x94B;&#x924; &#x92A;&#x941;&#x938;&#x94D;&#x924;&#x915;</subfield>
  </datafield>
  <datafield tag="260" ind1=" " ind2=" ">
    <subfield code="a">Baitadi:</subfield>
    <subfield code="b">Aashis Bhatta,</subfield>
    <subfield code="c">2076BS.</subfield>
  </datafield>
  <datafield tag="300" ind1=" " ind2=" ">
    <subfield code="a">130p. </subfield>
  </datafield>
  <datafield tag="504" ind1=" " ind2=" ">
    <subfield code="a">Bibliography:p.129-130</subfield>
  </datafield>
  <datafield tag="650" ind1=" " ind2=" ">
    <subfield code="a">Diseases</subfield>
  </datafield>
  <datafield tag="650" ind1=" " ind2=" ">
    <subfield code="a">Prevention</subfield>
  </datafield>
  <datafield tag="942" ind1=" " ind2=" ">
    <subfield code="2">ddc</subfield>
    <subfield code="c">ISBN</subfield>
  </datafield>
  <datafield tag="999" ind1=" " ind2=" ">
    <subfield code="c">113613</subfield>
    <subfield code="d">113601</subfield>
  </datafield>
  <datafield tag="952" ind1=" " ind2=" ">
    <subfield code="0">0</subfield>
    <subfield code="1">0</subfield>
    <subfield code="2">ddc</subfield>
    <subfield code="4">0</subfield>
    <subfield code="7">0</subfield>
    <subfield code="a">TUCL</subfield>
    <subfield code="b">TUCL</subfield>
    <subfield code="d">2024-05-30</subfield>
    <subfield code="l">0</subfield>
    <subfield code="o">N616/Bh455</subfield>
    <subfield code="p">IS19753</subfield>
    <subfield code="r">2024-05-30 15:15:58</subfield>
    <subfield code="w">2024-05-30</subfield>
    <subfield code="y">ISBN</subfield>
  </datafield>
  <datafield tag="952" ind1=" " ind2=" ">
    <subfield code="0">0</subfield>
    <subfield code="1">0</subfield>
    <subfield code="2">ddc</subfield>
    <subfield code="4">0</subfield>
    <subfield code="7">0</subfield>
    <subfield code="a">TUCL</subfield>
    <subfield code="b">TUCL</subfield>
    <subfield code="d">2024-05-30</subfield>
    <subfield code="l">0</subfield>
    <subfield code="o">N616/Bh455</subfield>
    <subfield code="p">IS19754</subfield>
    <subfield code="r">2024-05-30 15:15:58</subfield>
    <subfield code="w">2024-05-30</subfield>
    <subfield code="y">ISBN</subfield>
  </datafield>
</record>
